LEADER 01300nam a2200253 u 4500 001 000000113959 003 CaOOAMICUS 005 20081119160648.0 008 081119s1990 it u000 u ita r 040 $aPUL$bita$dLDB 100 1 $aCastelli, Ferdinando.$0(OLS)http://pul/name/21138 245 10$aVolti di Gesù nella letteratura moderna /$cFerdinando Castelli. 260 $aMilano :$bEdizioni Paoline,$cc1990. 300 $av. ;$c23 cm 504 $aContiene indicazioni bibliografiche in nota. 505 1 $av. 1. Sul front. : Introduzione di Italo Alighiero Chiusano. -- v. 2. Sul front. : Introduzione di Bruno Forte. 600 04$aIesus Christus$xNella letteratura.$0(OLS)http://pul/subject/24092 650 4$aLetteratura moderna.$0(OLS)http://pul/subject/22677 850 $aPUL 852 $aPUL$W1$xSL Cons. Gen., Altre Classi 3$y75$m809. 9 CASFE 1.1$j130219$av. 1$qDDC 21$B129296$CPULBib$Z2$F129296 $H108815 $82 852 $aPUL$W1$xSL Cons. Gen., Altre Classi 3$y75$m809. 9 CASFE 1.2$j130220$qDDC 21$q$av. 2$B129297$CPULBib$Z2$F129297 $H108820 $81 941 1 $a9 996 $6245$aVolti di Gesù nella letteratura moderna$9(OLS)http://pul/title/75270 996 $6260$aMilano :$bEdizioni Paoline$9(OLS)http://pul/publisher/51378 LEADER 01186nam a2200265 i 4500 001 000000118515 003 CaOOAMICUS 005 20091202131316.0 008 091202s1963 fr 000 b fre r 040 $aPUL$bita$dMCT 100 1 $aChauchard, Paul.$0(OLS)http://pul/name/15638 245 12$aL'homme normal :$béléments de biologie humaniste et de culture humaine /$cdocteur Paul Chauchard. 250 $aNouvelle éd. revue et augmentée. 260 $aParis :$bLes Editions Ouvrières,$cc1963. 300 $a246 p. ;$c18 cm 490 1 $aPoints d'appui 504 $aInclude riferimenti bibliografici. 650 4$aScienze umane.$0(OLS)http://pul/subject/19524 650 4$aBiologia$xRazza umana.$0(OLS)http://pul/subject/22884 830 0$aPoints d'appui.$0(OLS)http://pul/title/149169 850 $aPUL 852 $aPUL$W1$xDP1 Cons. Gen., Altre Classi 1$y22$m777 F 69$j135972$qStampati$B134959$CPULBib$Z2$F134959 $H64030 $82 941 1 $a8 996 $6245$aL'homme normal :$béléments de biologie humaniste et de culture humaine$9(OLS)http://pul/title/149167 996 $6260$aParis :$bLes Editions Ouvrières$9(OLS)http://pul/publisher/53182 LEADER 00941naa a2200229 u 4500 001 000000096676 003 CaOOAMICUS 005 20070226130147.0 008 041105s1996 it u000 u fre u 020 $a8877811749 035 $a11014129 040 $aIAR$bita 100 1 $aBlockmans, Willem Pieter,$d1945-$0(OLS)http://pul/name/61560 245 13$aLa manipulation du consensus :$bSystèmes de pouvoir à la fin du Moyen-Age /$cWim Blockmans. 260 $aPisa :$bPacini,$c1996. 300 $aS. 433-450 ;$c24 cm 773 0 $aPrincipi e città alla fine del medioevo. 773 0 $tPubblicazioni degli archivi di Stato$gSaggi 41. 773 0 $tPrincipi e città alla fine del Medioevo$w()29639 996 $6020$a8877811749$9(OLS)http://pul/number/37132 996 $6245$aLa manipulation du consensus :$bSystèmes de pouvoir à la fin du Moyen-Age$9(OLS)http://pul/title/123558 996 $6260$aPisa :$bPacini$9(OLS)http://pul/publisher/48820 LEADER 01468nam a2200325 a 4500 001 000000113862 003 CaOOAMICUS 005 20081111164555.0 008 081111s2008 it 000 u ita r 020 $z978-88-343-1671-9* 040 $aPUL$bita$dLDB 245 01$a"Partiti" e fazioni nell'esperienza greca /$ca cura di Cinzia Bearzot, Franca Landucci. 260 $aMilano :$bVita e pensiero,$cc2008. 300 $aix, 263 p. ;$c22 cm 490 1 $aStoria. Ricerche 490 1 $aContributi di storia antica ;$v06 504 $aBibliografia in nota. 651 4$aGrecia$xPolitica e governo$yFino al 146 A.C.$0(OLS)http://pul/subject/12079 700 1 $aBearzot, Cinzia,$d1955-$0(OLS)http://pul/name/23261 700 1 $aLanducci Gattinoni, Franca,$d1953-$0(OLS)http://pul/name/51152 830 0$aContributi di storia antica ;$v06.$0(OLS)http://pul/title/100735 830 0$aRicerche (Vita e Pensiero).$pStoria.$0(OLS)http://pul/title/174438 850 $aPUL 852 $aPUL$W1$xDP1 Cons. Gen., Altre Classi 1$y22$m389 C 34$j130066$qStampati$B129143$CPULBib$Z2$F129143 $H108745 $82 941 1 $a8 983 0$aStoria.$pRicerche (Vita e pensiero) 983 0$aV & P. Storia. Ricerche. 996 $6020$z978-88-343-1671-9*$9(OLS)http://pul/number/139168 996 $6245$a"Partiti" e fazioni nell'esperienza greca$9(OLS)http://pul/title/143082 996 $6260$aMilano :$bVita e pensiero$9(OLS)http://pul/publisher/48016 LEADER 01297nam a2200313 u 4500 001 000000062307 003 CaOOAMICUS 005 20070226121123.0 008 010926s1986 it u000 u ita u 020 $a8831145193 035 $a10904334 040 $aPUL(R)$bita 041 1 $aita$hfre 100 1 $aGalot, Jean,$cS.I.,$d1919-2008.$0(OLS)http://pul/name/803 240 10$aEvangile de la joie.$lItaliano.$0(OLS)http://pul/title/83139 245 13$aIl cristiano e la gioia :$bnota caratteristica della Buona Novella /$cJean Galot ; traduzione dal francese di Nevia Corradini. 260 $aRoma :$bCittà Nuova,$cc1986. 300 $a199 p. ;$c18 cm 500 $aContiene indice. 504 $aBibliografia in nota. 650 4$aSpiritualità.$0(OLS)http://pul/subject/843 650 4$aBeatitudine eterna.$0(OLS)http://pul/subject/2261 850 $aPUL 852 $aPUL$W1$xSL Religione 1$y3$m41 M 20$j81040$nBK-PRI$b $qStampati$B81040$CPULBib$Z2$F81040 $H $81 941 1 $a8 961 $aINV: 55635 996 $6020$a8831145193$9(OLS)http://pul/number/80796 996 $6245$aIl cristiano e la gioia :$bnota caratteristica della Buona Novella$9(OLS)http://pul/title/83140 996 $6260$aRoma :$bCittà Nuova$9(OLS)http://pul/publisher/47927 LEADER 01236cam a22002894a 4500 001 000000118689 003 CaOOAMICUS 005 20091209154744.0 008 091209t2009 it f b 000 0 ita r 020 $a978-88-420-8747-2 040 $aPUL$bita$dReb 100 1 $aForcellino, Antonio.$0(OLS)http://pul/name/64573 245 10$aRaffaello :$buna vita felice /$cAntonio Forcellino. 250 $a2 ed. 260 $aRoma ;$aBari :$bLaterza,$c©2009. 300 $axvii, 351 p., [28] c. di tav. :$bill. ;$c21 cm. 490 1 $aEconomica Laterza ;$v480 504 $aBibliografia e note p. [321]-[341]. 600 04$aRaffaello Sanzio,$d1483-1520$xBiografia.$0(OLS)http://pul/subject/36056 650 4$aArte rinascimentale.$0(OLS)http://pul/subject/14811 830 0$aEconomica Laterza ;$v480.$0(OLS)http://pul/title/39309 850 $aPUL 852 $aPUL$W1$xSL Cons. Gen., Altre Classi 3$y75$m759. 5 FORAN 1$j136181$qDDC 21$B135167$CPULBib$Z2$F135167 $H111762 $82 941 1 $a9 996 $6020$a978-88-420-8747-2$9(OLS)http://pul/number/142749 996 $6245$aRaffaello :$buna vita felice$9(OLS)http://pul/title/149368 996 $6260$aRoma ;$aBari :$bLaterza$9(OLS)http://pul/publisher/57682 LEADER 01273nam a2200277 u 4500 001 000000007237 003 CaOOAMICUS 005 20070226104948.0 008 950608s1949 enk u000 u eng u 035 $a10188768 040 $aPUL$bita 100 1 $aUllmann, Walter,$d1910-1983.$0(OLS)http://pul/name/57 245 10$aMedieval papalism :$bthe political theories of the Medieval canonists /$cby Walter Ullmann. 260 $aLondon :$bMethuen & C.,$c1949. 300 $axiv, 230 p. ;$c22 cm 490 1 $aThe Maitland memorial lectures 500 $aDelivered in the University of Cambridge in lent term 1948. 650 0$aChurch history$yMiddle Ages, 600-1500.$2//eng$0(OLS)http://pul/subject/365 650 0$aPapacy$xHistory.$2//eng$0(OLS)http://pul/subject/282 830 4$aThe Maitland memorial lectures.$0(OLS)http://pul/title/10632 850 $aPUL 852 $aPUL$W1$xDP1 Fondo Maccarrone$y58$m1503 F 6$j10200$nBK-PRI$b $qFondi$B10200$CPULBib$Z2$F10200 $H $81 941 1 $a1 961 $aINV: 01041 -- Fondo Mons. M. Macccarrone 996 $6245$aMedieval papalism :$bthe political theories of the Medieval canonists$9(OLS)http://pul/title/10631 996 $6260$aLondon :$bMethuen & C.$9(OLS)http://pul/publisher/49925 LEADER 01781nam a2200349 u 4500 001 000000115617 003 CaOOAMICUS 005 20090512174716.0 008 090512s2008 it u000 u ita r 020 $z978-88-6372-050-1* 040 $aPUL$bita$dLDB 100 0 $aIohannes PP.$bXXIII,$cs.,$d1881-1963.$0(OLS)http://pul/name/11555 245 10$aChierico e storico a Bergamo :$bantologia di scritti (1907-1912) /$cAngelo Roncalli ; a cura di Francesco Mores. 260 $aRoma :$bEdizioni di Storia e Letteratura,$c2008. 300 $axxxviii, 173 p. ;$c21 cm 504 $aNote bibliografiche. 700 1 $aMores, Francesco,$d1978-$0(OLS)http://pul/name/71691 700 0 $aIohannes PP.$bXXIII,$cs.,$d1881-1963.$tGruppi, scelte.$0(OLS)http://pul/nameTitle/925$0(OLS)http://pul/name/11555$0(OLS)http://pul/title/132012 850 $aPUL 852 $aPUL$W1$xSL Cons. Gen., Altre Classi 3$y75$m922 MORFR 1$j132430$qDDC 21$B131428$CPULBib$Z2$F131428 $H109048 $82 900 $aRoncalli, Angelo Giuseppe,$cs.,$d1881-1963$911555 900 $aGiovanni$bXXIII,$cpapa, s.,$d1881-1963$911555 900 $aRoncalli, Angelo Giuseppe,$cs.,$d1881-1963$911555 900 $aGiovanni$bXXIII,$cpapa, s.,$d1881-1963$911555 910 $aPapi (1958-1963 : Iohannes PP. XXIII)$911555 910 $aPapi (1958-1963 : Iohannes PP. XXIII)$911555 910 $aPapi (1958-1963 : Iohannes PP. XXIII)$911555 910 $aPapi (1958-1963 : Iohannes PP. XXIII)$911555 941 1 $a9 996 $6020$z978-88-6372-050-1*$9(OLS)http://pul/number/140633 996 $6245$aChierico e storico a Bergamo :$bantologia di scritti (1907-1912)$9(OLS)http://pul/title/145273 996 $6260$aRoma :$bEdizioni di Storia e Letteratura$9(OLS)http://pul/publisher/48123